Michigan, state legislators and their work /

Bibliographic Details
Main Author: Stollman, Gerald Herschel, 1938-
Format: Book
Language:English
Published: Washington, D.C. : University Press of America, [1979]
Subjects:

MARC

Tag First Indicator Second Indicator Subfields
LEADER 00000cam a2200000 a 4500
001 in00000070201
005 20151008061634.0
008 791206s1979 dcu b 00010 eng d
010 |a  77018633  
020 |a 0819104256 
035 |a (OCoLC)05765716 
035 |9 AAJ8493AM 
040 |a EZT  |c EZT  |d OCL  |d TXA  |d UtOrBLW 
049 |a TXAM  |c [1655661] 
090 |a JK5866  |b .S76 1979 
100 1 |a Stollman, Gerald Herschel,  |d 1938- 
245 1 0 |a Michigan, state legislators and their work /  |c Gerald H. Stollman. 
264 1 |a Washington, D.C. :  |b University Press of America,  |c [1979] 
264 4 |c ©1979 
300 |a ii, 130 pages ;  |c 21 cm. 
336 |a text  |b txt  |2 rdacontent 
337 |a unmediated  |b n  |2 rdamedia 
338 |a volume  |b nc  |2 rdacarrier 
504 |a Bibliography: pages 119-130. 
650 0 |a Legislative bodies  |z Michigan. 
651 0 |a Michigan  |x Politics and government. 
999 |a MARS 
999 f f |s 55746f98-cd47-3dd4-9ed9-56cac2fbae66  |i 343052ac-e353-3785-ae8d-cb84d64889c3  |t 0 
952 f f |p ric  |a Texas A&M University  |b Rellis Campus  |c Joint Library Facility  |d Remote Storage  |t 0  |e JK5866.S76 1979  |h Library of Congress classification  |i unmediated -- volume  |m A14839259099 
952 f f |p normal  |a Texas A&M University  |b College Station  |c Sterling C. Evans Library  |d Evans: Library Stacks  |t 0  |e JK5866 .S76 1979  |h Library of Congress classification  |i unmediated -- volume  |m A14806151131 
998 f f |a JK5866.S76 1979  |t 0  |l Remote Storage 
998 f f |a JK5866 .S76 1979  |t 0  |l Evans: Library Stacks